000 00550nam a2200181Ia 4500
003 IN-BaIIA
008 211028s9999 xx 000 0 eng d
040 _cIIA Library
080 _a53.08(035)
_bSUM
100 _aSummer, W.
_95081
245 0 _aPhysical laboratory handbook
_cW. Summer
260 _aLondon
_bSir Isaac Pitman
_c1966
300 _axi, 610p.
650 _aAstronomy and astrophysics thesaurus
650 _aHandbooks - materials
_95082
650 _aInstruments
_92005
942 _cBK
999 _c2848
_d2848